Delhi Heritage Top 10 Forts/ (Record no. 210620)

MARC details
000 -LEADER
fixed length control field 00600nam a22001937a 4500
005 - DATE AND TIME OF LATEST TRANSACTION
control field 20250401161501.0
010 ## - LCCN (DPL NO)
LC control number ENG-144386
020 ## - INTERNATIONAL STANDARD BOOK NUMBER
International Standard Book Number 9788119626755
Terms of availability 499.00
035 ## - SYSTEM CONTROL NUMBER
System control number EN-127918
037 ## - SOURCE OF ACQUISITION
Source of stock number/acquisition DBAD
082 ## - DEWEY DECIMAL CLASSIFICATION NUMBER
Classification number 725.180954
Edition number 1
100 ## - MAIN ENTRY--PERSONAL NAME
Personal name Rooprai, Vikramjit Singh
245 ## - TITLE STATEMENT
Title Delhi Heritage Top 10 Forts/
Statement of responsibility, etc By Vikramjit Singh Rooprai
250 ## - EDITION STATEMENT
Edition statement 1
260 ## - PUBLICATION, DISTRIBUTION, ETC. (IMPRINT)
Place of publication, distribution, etc New Delhi
Name of publisher, distributor, etc Niyogi Books
Date of publication, distribution, etc 2024
270 ## - ADDRESS
Address Block D, Building No. 77, Okhla Industrial Area, Phase-I
City New Delhi
Postal code 110020
300 ## - PHYSICAL DESCRIPTION
Extent 216p.
Dimensions 18cm(hb)
942 ## - ADDED ENTRY ELEMENTS (KOHA)
Source of classification or shelving scheme Dewey Decimal Classification
Item type English Books
Classification part 725.180954
Call number suffix ROO
Holdings
Withdrawn status Lost status Not for loan Collection code Home library Current library Date acquired Source of acquisition Cost, normal purchase price Full call number Barcode Copy number Cost, replacement price Koha item type
      Non-fiction Central Jail Tihar Central Jail Tihar 01/04/2025 Delivery of Books Act Division 499.00 725.180954 ROO EN-127918 1 499.00 English Books

© Delhi Public Library
Hit Counter
free hit counter